<?xml version="1.0" encoding="UTF-8"?>
<record
    xmlns:xsi="http://www.w3.org/2001/XMLSchema-instance"
    xsi:schemaLocation="http://www.loc.gov/MARC21/slim http://www.loc.gov/standards/marcxml/schema/MARC21slim.xsd"
    xmlns="http://www.loc.gov/MARC21/slim">

  <leader>02498nam#a2200265   4500</leader>
  <controlfield tag="001">9786071520371</controlfield>
  <controlfield tag="003">VST</controlfield>
  <controlfield tag="005">20250425090631.0</controlfield>
  <controlfield tag="006">m     o  d        </controlfield>
  <controlfield tag="007">cr#un#---uucau</controlfield>
  <controlfield tag="008">230410s2023    MEX                     d</controlfield>
  <datafield tag="020" ind1=" " ind2=" ">
    <subfield code="a">9786071520371</subfield>
  </datafield>
  <datafield tag="040" ind1=" " ind2=" ">
    <subfield code="a">VST</subfield>
    <subfield code="c">VST</subfield>
    <subfield code="d">VST</subfield>
  </datafield>
  <datafield tag="100" ind1="1" ind2=" ">
    <subfield code="a">Steven C. Chapra</subfield>
    <subfield code="e">author</subfield>
  </datafield>
  <datafield tag="245" ind1="1" ind2="0">
    <subfield code="a">M&#xE9;todos num&#xE9;ricos aplicados con MATLAB para ingenieros y cient&#xED;ficos, 5th Edition</subfield>
  </datafield>
  <datafield tag="250" ind1=" " ind2=" ">
    <subfield code="a">fifth edition</subfield>
  </datafield>
  <datafield tag="260" ind1=" " ind2=" ">
    <subfield code="a">Mexico :</subfield>
  </datafield>
  <datafield tag="264" ind1=" " ind2="1">
    <subfield code="a">Mexico :</subfield>
    <subfield code="b">McGraw-Hill Interamericana,</subfield>
    <subfield code="c">2023</subfield>
  </datafield>
  <datafield tag="300" ind1=" " ind2=" ">
    <subfield code="a">1 online resource</subfield>
  </datafield>
  <datafield tag="336" ind1=" " ind2=" ">
    <subfield code="a">text</subfield>
    <subfield code="b">txt</subfield>
    <subfield code="2">rdacontent</subfield>
  </datafield>
  <datafield tag="337" ind1=" " ind2=" ">
    <subfield code="a">computer</subfield>
    <subfield code="b">c</subfield>
    <subfield code="2">rdamedia</subfield>
  </datafield>
  <datafield tag="520" ind1=" " ind2=" ">
    <subfield code="a">Este libro est&#xE1; dise&#xF1;ado para un curso de un semestre de m&#xE9;todos num&#xE9;ricos para estudiantes de ingenier&#xED;a y ciencia. En &#xE9;l, los m&#xE9;todos num&#xE9;ricos est&#xE1;n motivados por los problemas m&#xE1;s que por las matem&#xE1;ticas; no obstante, se proporciona suficiente teor&#xED;a para que los estudiantes salgan con una visi&#xF3;n de las t&#xE9;cnicas. MATLAB&#xAE; ofrece un entorno ideal para este curso. Su entorno de programaci&#xF3;n de archivos M permite a los estudiantes implementar algoritmos moderadamente complicados de forma estructurada y coherente. Sus capacidades num&#xE9;ricas incorporadas permiten a los estudiantes resolver problemas m&#xE1;s dif&#xED;ciles sin tratar de "reinventar la rueda". En esta quinta edici&#xF3;n se mantiene intencionadamente el estilo de escritura conversacional para facilitar la lectura del texto. El libro trata de hablar directamente al lector y est&#xE1; dise&#xF1;ado, en parte, como una herramienta de autoaprendizaje. Se han agregado algunos materiales nuevos, como una secci&#xF3;n sobre el m&#xE9;todo de Wegstein que proporciona una extensi&#xF3;n natural de la iteraci&#xF3;n en punto fijo. La mayor adici&#xF3;n es una secci&#xF3;n que describe los splines de suavizado. Los atributos de la regresi&#xF3;n y de los splines combinados en un &#xFA;nico algoritmo son ideales para el ajuste de curvas de datos con ruido, y en otra secci&#xF3;n se proporciona como una gran opci&#xF3;n para la derivaci&#xF3;n num&#xE9;rica de datos con ruido. Adem&#xE1;s, hay una descripci&#xF3;n de la funci&#xF3;n incorporada, csaps, que forma parte de la caja de herramientas de ajuste de curvas de MATLAB. Finalmente, en cada cap&#xED;tulo se hace amplio uso de ejemplos trabajados y de aplicaciones cient&#xED;ficas y de ingenier&#xED;a, adem&#xE1;s de contar con una secci&#xF3;n final de problemas en cada cap&#xED;tulo.</subfield>
  </datafield>
  <datafield tag="856" ind1="4" ind2="0">
    <subfield code="u">https://resolver.vitalsource.com/9786071520371</subfield>
  </datafield>
  <datafield tag="942" ind1=" " ind2=" ">
    <subfield code="c">RAA</subfield>
  </datafield>
  <datafield tag="952" ind1=" " ind2=" ">
    <subfield code="0">0</subfield>
    <subfield code="1">0</subfield>
    <subfield code="4">0</subfield>
    <subfield code="7">0</subfield>
    <subfield code="8">MGH</subfield>
    <subfield code="a">BD-UIN</subfield>
    <subfield code="b">BD-UIN</subfield>
    <subfield code="d">2025-04-25</subfield>
    <subfield code="l">0</subfield>
    <subfield code="r">2025-04-25</subfield>
    <subfield code="w">2025-04-25</subfield>
    <subfield code="y">RAA</subfield>
  </datafield>
  <datafield tag="999" ind1=" " ind2=" ">
    <subfield code="c">229114</subfield>
    <subfield code="d">229114</subfield>
  </datafield>
</record>
